[Event "Chesswise int op"]
[Site "Stratton Mountain"]
[Date "2000.07.11"]
[Round "3"]
[White "Hebert, Jean"]
[Black "Atalik, Suat"]
[Result "0-1"]
[WhiteElo "2428"]
[BlackElo "2549"]
[Annotator "Atalik,S"]
[PlyCount "104"]
[EventDate "2000.07.10"]
[EventType "swiss"]
[EventRounds "9"]
[EventCountry "USA"]
[SourceTitle "CBM 078"]
[Source "ChessBase"]
[SourceDate "2000.10.18"]
[SourceVersion "1"]
[SourceVersionDate "2000.10.18"]
[SourceQuality "1"]

1. c4 e5 2. Nf3 $5 {Back in the early years of last century.} e4 3. Nd4 Nc6 4.
Nc2 $5 d5 $1 (4... Nf6 5. Nc3 Bc5 6. g3 $13) 5. Nc3 $6 {Weird.} (5. cxd5 Qxd5
6. Nc3 Qe5 7. d4 exd3 8. Qxd3 Nf6 (8... Nb4 9. Nxb4 Bxb4 10. Bd2) 9. e4 Nb4 10.
Nxb4 Bxb4 11. Bd2 O-O) 5... dxc4 6. Nxe4 Nf6 7. Nc3 (7. Nxf6+ $6 Qxf6 8. g3 Bc5
) 7... Bc5 8. d3 $6 {sort of too defensive.} (8. g3 Ng4 9. Ne3 Nxe3 (9... Bxe3
10. fxe3 O-O 11. Bg2 Nge5 $11) 10. fxe3 O-O $11) (8. b3 cxb3 9. axb3 Be6 10.
Rb1 O-O 11. e3 Bf5 $132) 8... cxd3 9. Qxd3 Qe7 $1 (9... Qxd3 10. exd3 Bf5 11.
Be3 Bb6 12. Be2 O-O-O 13. O-O-O $11) 10. Be3 Be6 $6 (10... O-O $5 11. Bxc5 Qxc5
12. Qb5 Qe7 $17) 11. Bxc5 Qxc5 12. Qb5 (12. Qg3 $2 O-O-O 13. Qxg7 $4 Ng4 $19)
12... Qxb5 13. Nxb5 O-O-O 14. e3 Rhe8 15. Nc3 Bf5 16. Rc1 Ng4 17. Bb5 $2 (17.
Be2 Nge5 18. e4 Be6 $15) 17... Nxf2 18. O-O (18. Kxf2 Rd2+ 19. Ke1 Rxc2 20.
Rxc2 Bxc2 21. Bxc6 bxc6 22. Kd2 Bg6 $17) 18... Bxc2 (18... Nd3 19. Bxd3 Bxd3
20. Rxf7 g5 21. Nd4 $132) 19. Rxc2 Ng4 20. Rxf7 Nxe3 (20... Rxe3 $6 21. Re2 (
21. Be2 $2 Nh6 22. Rxg7 Nd4) 21... Nce5 22. Rxe3 (22. Rxg7 $2 Rxc3 $19) 22...
Nxf7 23. Re7 Nge5 24. Be8 $1 $11) 21. Rcf2 Rd7 22. Rxd7 Kxd7 23. Rd2+ Kc8 24.
Re2 Re5 25. Bxc6 bxc6 26. h3 (26. b3 Kd7 $17) 26... Nc4 27. Rf2 Kd7 28. b3 Nd6
29. Rf4 Rc5 30. Rf3 Ke6 31. Rd3 a5 32. Re3+ Re5 33. Rf3 c5 34. Rf4 g5 $1 35.
Rf8 h5 $5 (35... c4 $17) 36. Rh8 (36. Ra8 c4 37. bxc4 Rc5 38. Na4 Rxc4 39. Rxa5
Ne4 40. g4 $19 h4 $17) 36... h4 37. Rh7 Nf7 38. Rg7 $8 Re3 39. Na4 (39. Nb5 Kf6
40. Rg8 Re2 41. Nxc7 Rxa2 $17) (39. Rg6+ Kf5 40. Nd5 Re1+ 41. Kf2 Ra1 $17)
39... Kf6 40. Rg8 Re1+ 41. Kf2 Rc1 42. Ra8 Rc2+ 43. Kf1 Nd6 44. Rxa5 Ne4 45.
Ra7 Rf2+ $2 (45... Rxa2 46. Rxc7 c4 $1 47. Rc6+ Ke7 (47... Kf5 48. Nc5 Nd2+ 49.
Ke2 Nxb3+ $19) 48. Nc5 Nxc5 49. Rxc5 cxb3 $19) 46. Ke1 $1 (46. Kg1 $2 Re2 47.
g4 hxg3 $19) 46... Rxa2 47. Rxc7 Rxg2 48. Rc6+ (48. Nxc5 $2 Nxc5 49. Rxc5 Rg3
50. Rc6+ Kg7 $19) 48... Ke5 49. Nxc5 Kd5 $4 (49... Nxc5 50. Rxc5+ Kf4 51. Rc4+
(51. b4 Rg3 52. b5 Rxh3 $19) 51... Kg3 52. Rc3+ Kh2 53. b4 Rb2 (53... Rg3 54.
Kd2 Rxc3 55. Kxc3 Kxh3 56. b5 g4 57. b6 g3 58. b7 g2 59. b8=Q g1=Q $17) 54. Rc5
g4 55. hxg4 Kg3 $1 (55... Kg2 56. g5 h3 57. g6 h2 58. Rg5+ Kf3 59. Rh5 Rb1+ 60.
Kd2 h1=Q 61. Rxh1 Rxh1 62. Kd3 Rd1+ 63. Kc4 Ke4 64. g7 Rc1+ 65. Kb5 Rc8 66. Kb6
Kd5 67. b5 Rg8 $19) 56. g5 h3 57. g6 h2 58. Rh5 Rxb4 59. g7 Rg4 $19) 50. Kf1 $4
(50. Nxe4 Kxc6 51. Kf1 Rb2 52. Nxg5 Rxb3 53. Kf2 Kd5 (53... Rg3 $2 54. Nf3 Rxh3
55. Kg2 Rg3+ 56. Kf2 $11) 54. Nf3 Rb4 55. Ke3 Ke6 56. Nd4+ Kf6 57. Nf3 Kf5 58.
Kf2 Kg6 59. Kg2 Kh5 60. Kh2 Rb8 61. Kg1 Rg8+ 62. Kh2 Rg3 63. Ne1 Kg5 64. Ng2
Ra3 65. Ne1 Ra2+ 66. Ng2 Ra1 67. Ne3 Ra8 68. Ng2 Rh8 69. Kg1 Kf5 70. Kf2 Ke4
71. Ke2 $11) 50... Rf2+ 51. Kg1 Kxc6 52. Nxe4 Rf5 $19 0-1

[Event "ISR-chT"]
[Site "Israel"]
[Date "2002.02.02"]
[Round "4"]
[White "Psakhis, Lev"]
[Black "Avrukh, Boris"]
[Result "1/2-1/2"]
[WhiteElo "2570"]
[BlackElo "2591"]
[Annotator "Avrukh,B"]
[PlyCount "54"]
[EventDate "2002.01.10"]
[EventType "team"]
[EventRounds "11"]
[EventCountry "ISR"]
[SourceTitle "CBM 089"]
[Source "ChessBase"]
[SourceDate "2002.08.12"]
[SourceVersion "1"]
[SourceVersionDate "2002.08.12"]
[SourceQuality "1"]

1. c4 e5 2. g3 Nf6 3. Bg2 c6 4. d4 Bb4+ 5. Bd2 Bxd2+ 6. Qxd2 d6 7. Nc3 O-O 8.
e3 Be6 9. b3 (9. d5 cxd5 10. cxd5 Bd7 11. Nge2 a5 {[%cal Gb8a6,Ga6c5] black
has no problems}) 9... exd4 10. Qxd4 (10. exd4 d5 $11) 10... d5 (10... Qa5 11.
Nge2 d5 12. Nf4 (12. cxd5 $5) 12... Rd8 {[%cal Gd8d4]} 13. Nxe6 fxe6 14. O-O
Nbd7 15. Rfd1 e5 16. Qd2 dxc4 17. bxc4 Nc5 18. Qc2 $13 {1/2-1/2 Jirovsky,
M-Stocek,J/CZE 2000/EXT 2002 (18)}) 11. cxd5 Nxd5 12. Nxd5 (12. Nge2 Qa5 (12...
Nxc3 13. Qxc3 Na6 $5) 13. Qa4 $1 Qxa4 14. Nxa4 {[%cal Ga4c5]} Na6 {[%csl Gc5]}
15. Nd4 Rad8 16. O-O Bc8 17. Rfc1 Ndc7 18. Bf1 $14 {1-0 Ivanchuk,V-Sutovsky,E/
Moscow RUS 2001/The Week in Chess 369 (58)}) 12... Bxd5 {Of course it's
necessary to exchange white's bishop.} (12... cxd5 $143 13. Ne2 Nc6 14. Qd2 {
[%csl Rd5]}) 13. Bxd5 cxd5 14. Ne2 $146 {A new move in this position. White
wants to consolidate his position and play against the isolated pawn with a
slight advantage.} (14. Nf3 {Ionescu-Marin 2001} Nc6 15. Qb2 (15. Qd2 Qf6 $36 {
[%csl Ga1,Gf3]}) 15... Qe7 16. O-O Qe4 $11) 14... Nc6 15. Qb2 (15. Qd2 Ne5 16.
Nd4 Qb6 $1 {[%cal Gb6d4]} 17. Rd1 (17. O-O Qxd4 18. Qxd4 Nf3+ 19. Kg2 Nxd4 20.
exd4 $11) 17... Qa6 18. Qe2 Qa5+ $11) 15... Re8 $1 {[%cal Gc6e5] Important
idea to put the knight on e5 and the queen on f6.} 16. O-O Ne5 {[%csl Gf3]} 17.
Nd4 Qf6 18. Qe2 {[%csl Gf3]} (18. Kg2 Nf3 $1 {[%cal Gf6b2]} 19. Rad1 Re4 $11)
18... a6 (18... Nc6 $143 19. Nxc6 bxc6 20. Rac1 $14 {[%csl Gc6]}) 19. Rac1 Rac8
20. Rxc8 Rxc8 21. Rd1 g6 $11 {Black managed to put his pieces on very good
squares and equalized easily.} 22. Kg2 Rc5 {Fighting for the c-file and
defending the d-pawn in some variations.} 23. Rd2 (23. Qd2 {[%cal Gd1c1]} Qe7
24. Rc1 Qc7 $11) 23... h5 {[%cal Gh5h4] Good move, taking some space on the
kingside.} 24. h3 Qe7 (24... h4 $143 25. g4) 25. Rc2 Nd7 26. Rxc5 Nxc5 27. Qc2
a5 $1 (27... Qe4+ 28. f3 (28. Qxe4 $143 dxe4 {[%csl Gf2]}) 28... Qxc2+ 29. Nxc2
a5 {Also should be drawish, but white is slightly better.}) 1/2-1/2

[Event "EU-chT (Men) 12th"]
[Site "Batumi"]
[Date "1999.12.06"]
[Round "8.3"]
[White "Conquest, Stuart"]
[Black "Avrukh, Boris"]
[Result "0-1"]
[WhiteElo "2555"]
[BlackElo "2588"]
[Annotator "Avrukh,B"]
[PlyCount "82"]
[EventDate "1999.11.06"]
[EventType "team-swiss"]
[EventRounds "9"]
[EventCountry "GEO"]
[SourceTitle "CBM 074"]
[Source "ChessBase"]
[SourceDate "2000.02.01"]
[SourceVersion "1"]
[SourceVersionDate "2000.02.01"]
[SourceQuality "1"]
[WhiteTeam "England"]
[BlackTeam "Israel"]
[WhiteTeamCountry "ENG"]
[BlackTeamCountry "ISR"]

1. c4 e5 2. g3 Nf6 3. Bg2 c6 4. d4 Bb4+ 5. Bd2 Bxd2+ 6. Qxd2 d6 {Ribli: Die
Stellung ähnelt der Bogoindischen Verteidigung nach 1.d4 Nf6 2.c4 e6 3.Nf3 Bb4
4.Bd2. Schwarz tauschte den schwarzfeldrigen Läufer, hat eine etwas passive,
aber feste Stellung.} 7. Nc3 ({No doubts,that the endgame after} 7. dxe5 dxe5
8. Qxd8+ Kxd8 {is very pleasant for black.}) 7... O-O 8. e4 {Ribli: Diese
Stellung erinnert mich an die Bogoindische Verteidigung. Weiß wählt einen
anderen Plan als 8.e4, er setzt mit 8.e3 und 9.Nge2 fort.Ribli.} (8. e3 Re8 {
[%cal Ge5e4]} (8... Be6 $5 9. b3 (9. d5 cxd5 10. cxd5 Bd7 11. Nge2 Na6 12. O-O
b5 13. Rfc1 Qb6 (13... b4 $5) 14. Nd1 b4 15. b3 Nc5 16. Nb2 a5 17. Nc4 Qa6 18.
f4 {1/2-1/2 Foisor,C-Puljek Salai,Z/Medulin 1997/EXT 99 (36)}) 9... exd4 10.
exd4 d5 $1 11. c5 Re8 12. Nge2 Qc8 {[%cal Ge6h3]} 13. O-O Bh3 14. f3 Bxg2 15.
Kxg2 b6 16. cxb6 axb6 17. Nf4 Nbd7 $11 {Lobron,E-Huzman,A/Budapest 1996/Inf 68
(17)}) 9. Nge2 e4 10. Rc1 d5 11. b3 Na6 12. cxd5 cxd5 13. Nf4 Nc7 14. O-O Ne6
$15 {[%csl Rg2] 0-1 Ruck,R-Beim,V/Oberwart 1997/EXT 99 (39)}) (8. Nf3 $6 e4 9.
Ng5 d5 $15 {[%csl Gg2,Gg5]}) 8... Nbd7 (8... a6 {Das ist ein Abwartezug.
Schwarz wartet auf 9.Nf3, denn er will 9...Bg4 ziehen und den Läufer
abtauschen.} 9. Nf3 Bg4 {Ribli: Ich denke, daß dieser Plan mit Bxf3 nicht gut
für Schwarz ist. Weiß hat freie Hand mit seinem Läufer.Ribli.} 10. O-O Bxf3 11.
Bxf3 Nbd7 (11... c5 12. d5 Nbd7 13. Be2 $14 {Und obwohl die Stellung
geschlossen ist, kann Weiß später durch f2-f4 mit besseren Aussichten öffnen.
Ribli.}) 12. Rfd1 b5 {Ribli: Das scheint ein aktiver Zug zu sein, erzeugt aber
nur Schwächen in der schwarzen Stellung.Ribli.} 13. cxb5 axb5 (13... cxb5 14.
a3 $14) 14. a3 Qb6 (14... Nb6 15. b3 {[%csl Gc4] Und Weiß kann später a4
spielen.Ribli.}) 15. b4 $14 {Khalifman,A-Rublevsky,S/Russia (ch) 1996/Inf 68/
[Gurevich,M] (15)}) (8... c5 9. d5 Ne8 10. Nge2 Na6 11. O-O Bd7 12. a3 Rb8 13.
f4 Qe7 14. b4 $14 {1/2-1/2 Budnikov,A-Tseitlin,M/Berlin 1994/EXT 97 (29)}) 9.
Nge2 $146 (9. Nf3 a6 10. O-O Re8 11. h3 b5 12. cxb5 axb5 13. a3 Qb6 14. Rac1 b4
15. axb4 Qxb4 16. Nd5 Qxd2 17. Nxf6+ Nxf6 18. Nxd2 Ba6 19. Rfd1 $14 {[%csl Gc6,
Gd6] 1-0 Mandl,R-Hecht,H/BL2-S 1991/GER-chT2 (42)}) 9... a6 10. d5 cxd5 11.
cxd5 b5 12. O-O $2 {It's difficult to believe,but after this unaccurate move i
didn't find equality for white.White allows to black gain a space on the
queenside,after which we can see ,that white will have a real problems with
their piecies.} (12. a3 Nb6 {[%cal Gb6c4]} (12... Nc5 13. Rb1) 13. b3 {[%csl
Gc4]} Bd7 14. O-O a5 {[%csl Gc4][%cal Ga5a4] with a nice game for black}) (12.
b4 $142 Nb6 {[%csl Gc4]} 13. O-O Nc4 14. Qd3 Bg4 15. a4 $11) 12... b4 13. Na4 (
13. Nd1 $6 {[%csl Gd1,Ge2,Gg2]} a5 14. b3 (14. Ne3 Ba6 {[%cal Gd7c5]}) 14...
Ba6 15. Nb2 Nc5 16. f3 Qb6 17. Kh1 Nfd7 $17) 13... a5 {[%cal Gc8a6]} 14. a3 (
14. Rfc1 Ba6 15. b3 Bb5 $1 {[%cal Gb5a4,Gd7c5]}) 14... Rb8 (14... Ba6 $143 15.
axb4 axb4 16. b3 Bb5 17. Rfb1 $132 {[%csl Gb4] ><b4}) 15. Rfe1 (15. Rfc1 $142
Ba6 16. h3 $15) 15... Ba6 16. Nc1 bxa3 $1 (16... Qc7 17. Nb3) 17. Rxa3 (17.
bxa3 Bb5 (17... Qc7 $143 18. Na2 Qc4 19. Qxa5) 18. Nc3 Nc5 19. Rb1 Bc4 $17)
17... Rb4 $1 $17 {[%csl Gd4]} 18. Qc2 (18. Na2 Rd4 19. Qc1 Qb8 {[%cal Gf8c8]}
20. Qc3 Bd3 21. Qxa5 Bxe4 $17 {[%csl Gd5]}) 18... Qb8 19. Na2 Rd4 20. N2c3 (20.
Rc3 Bb5 21. b3 Bxa4 22. bxa4 Nc5 $17) 20... Bd3 21. Qc1 Rc8 {[%cal Gf6e4]} 22.
Qe3 Bc2 (22... Nc5 $2 23. Nxc5 Rxc5 24. Rea1 $11 {[%csl Ga5] ><a5}) 23. Qe2 Bd3
24. Qe3 Rcc4 25. f3 Bc2 26. Rea1 {White position is very unpleasant and black
pressure looks desicive,but still white is holding his position.Here ,during
the game, i understood,that it's neccesary for me to create more objects for
attack, so my next few moves i was preparing to provoke f7-f5 .White main
problem is ,that they cannot do anything against it.} h6 (26... Bxa4 27. Nxa4
Rc2 28. Rc3 $1) 27. Bf1 Rb4 28. Kh1 Ne8 $1 {[%cal Ge8c7,Gf7f5]} 29. Be2 Nc7 30.
Kg2 Qb7 (30... f5) 31. h4 (31. g4 {[%csl Gf4] ><f4} Nf8 $19 {[%cal Gf8g6,Gg6f4]
}) (31. Bd1 Bxd1 32. Nxd1 (32. Rxd1 Rxb2+) 32... f5 33. Nac3 Nb6 {[%cal Gb6c4]}
34. b3 $8 fxe4 35. fxe4 a4 $1 $19 {[%csl Gc4]}) 31... f5 32. Qc1 Bb3 (32...
Bxa4 $1 {was more easy} 33. Nxa4 (33. Rxa4 Nc5 $1) 33... fxe4 34. fxe4 Rxe4 35.
Nc3 Rxe2+ 36. Nxe2 Rxb2 $19 {[%csl Gd5]}) 33. exf5 Nf6 $1 $19 {[%csl Gd5] ><d5}
34. Kh2 Ncxd5 35. Nxd5 Bxd5 36. Qe3 Bc4 (36... Bc6 $5) 37. Bxc4+ Rdxc4 {
[%csl Gh2]} 38. Kg1 Qc6 39. Nc3 Rxb2 40. Nd1 Rbc2 41. Rxa5 Rg4 $1 0-1

[Event "EU-ch 1st"]
[Site "Saint Vincent"]
[Date "2000.07.06"]
[Round "4"]
[White "Franco Ocampos, Zenon"]
[Black "Shirazi, Kamran"]
[Result "1-0"]
[WhiteElo "2512"]
[BlackElo "2414"]
[Annotator "Baburin,A"]
[PlyCount "39"]
[EventDate "2000.07.03"]
[EventType "swiss"]
[EventRounds "11"]
[EventCountry "ITA"]
[SourceTitle "CBM 078"]
[Source "ChessBase"]
[SourceDate "2000.10.18"]
[SourceVersion "1"]
[SourceVersionDate "2000.10.18"]
[SourceQuality "1"]

1. c4 e5 2. g3 Nc6 3. Bg2 a6 4. Nc3 Rb8 5. Nf3 b5 6. d4 f6 $2 {This move looks
just awful...} 7. O-O bxc4 8. dxe5 fxe5 9. Nd2 Na5 {[%tqu "En","How can White
develop his initiative?","Strike in the centre and try to open up files there.
","","f2f4","This is a very nice idea, particularly in conjunction with
White's next move.",4]} 10. f4 $1 exf4 11. e3 $1 Nf6 (11... fxe3 $2 12. Qh5+ g6
13. Qe5+ Qe7 14. Qxh8 exd2 15. Bxd2 $18) 12. Nde4 f3 $6 13. Qxf3 Nc6 14. Nd5 $1
Be7 15. Nexf6+ Bxf6 16. Qh5+ $1 Kf8 17. e4 $1 Kg8 18. e5 $1 Nxe5 19. Nxf6+ gxf6
20. Bd5+ 1-0

[Event "CZE-ch"]
[Site "Zlin"]
[Date "1997.06.21"]
[Round "10"]
[White "Votava, Jan"]
[Black "Blatny, Pavel"]
[Result "0-1"]
[WhiteElo "2530"]
[BlackElo "2540"]
[Annotator "Blatny,P"]
[PlyCount "224"]
[EventDate "1997.06.12"]
[EventType "tourn"]
[EventRounds "11"]
[EventCountry "CZE"]
[EventCategory "10"]
[SourceTitle "CBM 061"]
[Source "ChessBase"]
[SourceDate "1997.11.23"]
[SourceVersion "1"]
[SourceVersionDate "1997.11.23"]
[SourceQuality "1"]

1. a3 $6 e5 $11 2. c4 d6 3. e3 (3. Nc3 g6 4. g3 Bg7 5. Bg2 Ne7 6. e3 O-O 7.
Nge2 c6 8. O-O Be6 9. d3 Qc8 {1/2-1/2 Popovic,P-Kurajica,B/Tuzla 1981/MCD-r8})
3... g6 4. b4 (4. Nc3 Bg7 5. g3 f5 6. Bg2 Nf6 7. Nge2 Nbd7 $6 8. O-O h5 9. d3
h4 10. e4 Nc5 11. b4 Ne6 12. exf5 gxf5 13. d4 Qe7 14. dxe5 dxe5 15. Qc2 c6 16.
b5 hxg3 17. hxg3 Bd7 18. Rd1 Rd8 19. a4 Ng4 20. Qxf5 Nf4 21. Rxd7 Qxd7 22.
Qxd7+ Kxd7 23. gxf4 Kc7 24. a5 exf4 25. Bxf4+ Be5 26. a6 {1-0 Santos,C-Reis,L/
Lisbon VI Finalissima 1996/EXT 96b}) 4... Bg7 5. Bb2 Ne7 {/\f5,Nd7-f6[+]} 6. d3
O-O 7. Nd2 $6 Be6 8. Qc2 a5 9. b5 c5 $1 {/\d5[+]} 10. Ngf3 (10. bxc6) 10... b6
11. Be2 Qc7 12. Ne4 {/\Nc3,><d5} (12. Ng5 $142 {/\Ne4-c3-d5,/^h1-a8,<->f})
12... h6 13. Nc3 d5 $11 14. e4 (14. cxd5 Nxd5 15. Nxd5 Bxd5 16. O-O {/\d4!?})
14... d4 15. Nd5 Qd6 16. Nd2 Nd7 17. O-O-O Rae8 18. Kb1 Nc8 19. Rdf1 Qb8 20. a4
Nd6 21. Ka1 f5 22. f3 Kh7 23. Ba3 Nf6 24. Qa2 (24. Nxf6+ $5 $15) 24... Bd7 25.
Qb2 Qd8 26. Bd1 Bc8 27. Bb3 h5 28. Qc2 Bh6 29. Bc1 Rf7 30. Re1 Bb7 31. Ba2 fxe4
32. dxe4 Ref8 33. Ba3 $6 (33. Nxf6+ Rxf6 34. Nb3 {/\Nc1-d3}) (33. Bb1) (33. Re2
{/\Rhe1}) 33... Bxd5 $1 34. cxd5 (34. exd5 Bxd2 35. Qxd2 e4 $17) 34... Nfe8 35.
Rd1 Rc7 36. Nc4 Nxc4 37. Bxc4 Nd6 38. Ka2 Rcf7 39. Kb3 h4 40. h3 Be3 41. Bc1
Bxc1 42. Qxc1 Rf4 $17 {[%csl Ra4,Rb5,Rc4,Rd5,Gd6,Re4,Rf3,Rg2,Rh3]} 43. Rd3 R8f6
44. Rhd1 Rf7 45. Rh1 Qf8 46. Rhd1 Qh6 47. Qc2 R4f6 48. R1d2 Qg5 49. Rd1 Kg7 50.
R1d2 Rf8 51. Rd1 Qf4 52. R1d2 Rh8 53. Rd1 Rh5 54. R1d2 Rg5 55. Rd1 Rg3 56. R1d2
Qg5 57. Re2 Rf8 58. Rd1 Qd8 59. Red2 Ne8 60. Re1 Nf6 61. Bf1 Nh5 62. Ka2 Nf4
63. Rc1 Qd6 64. Rf2 Qf6 65. Qd2 Rc8 66. Bc4 Kf8 67. Rc2 Ke7 68. Rc1 Kd6 69. Rc2
Qg5 70. Kb2 Nh5 71. Qd1 Rf8 72. Bf1 Nf4 73. Qd2 Qd8 74. Qd1 Rh8 75. Qd2 Rh5 76.
Qd1 Qc7 77. Qd2 Rhg5 78. Ka2 Ke7 79. Kb2 Qd6 80. Ka2 Rh5 81. Qd1 Rh8 82. Qd2
Rc8 83. Bc4 Qf6 84. Qd1 Nh5 85. Qf1 Rf8 86. Qd1 Kd6 87. Qd2 Qf4 88. Qd1 Qe3 89.
Rfe2 Qh6 90. Rf2 g5 $1 {50 move rule !} 91. Bf1 Rc8 92. Qe1 Qf6 93. Qd1 Qf4 94.
Qe1 Nf6 95. Qd1 Ne8 96. Bc4 Ke7 97. Rcd2 (97. Rce2 Nd6 98. Qc2 Rf8 {/\g4})
97... Nd6 98. Qc2 $2 (98. Qf1 $142) 98... g4 $1 99. hxg4 (99. fxg4 Qxe4 100.
Rd3 Nxc4 101. Rxg3 Qxc2+ 102. Rxc2 hxg3 103. Rxc4 e4 104. Kb2 Kd6 $19) 99... h3
$1 100. gxh3 Rxh3 101. Bf1 Rh1 102. Bg2 (102. Bc4 Rch8 $19) 102... Rh4 103. Rd1
c4 $19 104. Qc1 Rf8 105. Qa3 c3 106. Re2 Rh2 107. Kb3 Rc8 108. Kc2 Rc4 109. Qc1
Qxc1+ 110. Rxc1 Rxa4 111. f4 Ra2+ 112. Kd3 Rxg2 0-1

[Event "Hamburg HSK"]
[Site "Hamburg"]
[Date "2011.01.03"]
[Round "2.4"]
[White "Carlstedt, Jonathan"]
[Black "Huschenbeth, Niclas"]
[Result "1-0"]
[WhiteElo "2409"]
[BlackElo "2450"]
[Annotator "Bracker/Balcerak"]
[PlyCount "63"]
[EventDate "2011.01.02"]
[EventType "tourn"]
[EventRounds "9"]
[EventCountry "GER"]
[EventCategory "7"]
[SourceTitle "CBM 140 Extra"]
[Source "ChessBase"]
[SourceDate "2011.03.01"]
[SourceVersion "1"]
[SourceVersionDate "2011.03.01"]
[SourceQuality "1"]

1. c4 e5 2. a3 Nf6 3. d3 c6 4. Nf3 Be7 5. e4 O-O 6. Be2 d6 7. O-O Nbd7 8. Nc3
Re8 9. b4 Nf8 10. d4 Ng6 11. Re1 Bf8 12. Qc2 h6 13. Bd2 Bg4 14. dxe5 dxe5 15.
Rad1 Qe7 16. Be3 Nh7 (16... Nf4 $142) 17. h3 Be6 18. Na4 Qf6 19. Qc1 Nh4 (19...
Nf4) 20. Nxh4 Qxh4 21. Bf1 {[#]} Qxe4 (21... Ng5 {wäre hier wesentlich
einfacher gewesen - die Stellung hält sich im Gleichgewicht.}) 22. Nc5 (22. Bd3
Qh4 23. Nc5 Bxc5 24. Bxc5 f6 25. Re4 $132) 22... Bxc5 23. Bxc5 Qg6 24. Rxe5
Bxh3 25. Rd6 f6 26. Rxe8+ Rxe8 27. Rd3 Bf5 28. Rg3 Qh5 29. Bxa7 Rd8 (29... Re4
$5 30. f4 $8 Nf8 $13) 30. Qe3 Rd1 31. f4 {[#]} (31. Qf3 {besser laut Jonny}
Qxf3 32. Rxf3 Be6 33. Rc3 b5 34. cxb5 cxb5 35. Be3 Bc4 36. Rc1 {mit ungefährem
Ausgleich}) 31... Bd3 $4 (31... Nf8 32. Qf3 Qxf3 33. Rxf3 Ne6 34. Kf2 Bg4 35.
Re3 (35. Rd3 Nxf4) 35... Nxf4 {und Schwarz steht nen Tick besser}) 32. Qe6+ 1-0

[Event "SUI-ch int"]
[Site "Arosa"]
[Date "1996.07.08"]
[Round "1"]
[White "Zueger, Beat"]
[Black "Costa, Jean Luc"]
[Result "1-0"]
[WhiteElo "2460"]
[BlackElo "2395"]
[Annotator "Bulletin"]
[PlyCount "61"]
[EventDate "1996.07.08"]
[EventType "tourn"]
[EventRounds "11"]
[EventCountry "SUI"]
[EventCategory "9"]
[SourceTitle "EXT 2006"]
[Source "ChessBase"]
[SourceDate "2005.11.24"]
[SourceVersion "1"]
[SourceVersionDate "2005.11.24"]
[SourceQuality "1"]

1. g3 e5 2. c4 Bc5 3. Bg2 d6 4. e3 Nf6 5. d4 Bb6 6. dxe5 dxe5 7. Qxd8+ Kxd8 8.
b4 c5 9. Nf3 Re8 10. bxc5 Bxc5 11. Bb2 Bb4+ 12. Nc3 Kc7 13. O-O Bxc3 14. Bxc3
Nfd7 15. Rfd1 f6 16. Nd2 Nc6 17. Ne4 Nb6 18. Nd6 Re7 19. Rab1 Bg4 20. Rd2 Bc8
21. c5 Na4 22. Nb5+ Kb8 23. Bxc6 a6 24. Bb4 bxc6 25. Nd6 Ka7 26. Rb3 a5 27. Ra3
Ba6 28. Rxa4 axb4 29. Rb2 Rb8 30. Rb3 Rd7 31. a3 (31. a3 bxa3 32. Rbxa3 {
nebst Rxa6+}) 1-0

[Event "Oberliga Bayern 9495"]
[Site "Bayern"]
[Date "1994.??.??"]
[Round "?.1"]
[White "Mandl, Robert"]
[Black "Mischustov, Michael"]
[Result "1/2-1/2"]
[WhiteElo "2430"]
[BlackElo "2370"]
[Annotator "Bulletin"]
[PlyCount "101"]
[EventDate "1994.10.09"]
[EventType "team-tourn"]
[EventRounds "9"]
[EventCountry "GER"]
[SourceTitle "EXT 1999"]
[Source "ChessBase"]
[SourceDate "1998.11.16"]
[SourceVersion "1"]
[SourceVersionDate "1998.11.16"]
[SourceQuality "1"]
[WhiteTeam "Regensburg Fortuna"]
[BlackTeam "Nuernberg SC NT 1873"]
[WhiteTeamCountry "GER"]
[BlackTeamCountry "GER"]

1. c4 e5 2. g3 Nf6 3. Bg2 c6 4. d4 Bb4+ 5. Bd2 Bxd2+ 6. Qxd2 d6 7. Nc3 O-O 8.
e3 Qe7 9. Nge2 Re8 10. O-O Nbd7 11. h3 h6 12. Rfd1 Nb6 13. b3 Bf5 14. Rac1 e4
15. g4 Bh7 16. Ng3 d5 17. a4 a5 18. c5 Nbd7 19. Rb1 Nf8 20. b4 axb4 21. Rxb4
Ne6 22. Rdb1 Nd8 23. Nce2 Nd7 24. Nf4 Nf8 25. Qa2 Qc7 26. Nf1 Nfe6 27. Nxe6
fxe6 28. Rb6 e5 29. R1b4 Re7 30. a5 Qc8 31. dxe5 Rxe5 32. Nd2 Kh8 33. Qb2 Re8
34. Nb3 h5 35. gxh5 Qf5 36. h6 Rg8 37. Nd4 Qf6 38. hxg7+ Rxg7 39. Ne2 Qxb2 40.
Rxb2 Rxa5 41. Nf4 Rxc5 42. Ra2 Rg8 43. Kf1 d4 (43... Rc1+ 44. Ke2 Rg1 45. Bf1
$17) 44. exd4 Rf5 45. Ne2 e3 46. f4 Rf7 47. Ra3 Ne6 48. Bd5 Bf5 49. Bxe6 Bxe6
50. Rxe3 Bc4 51. Ke1 1/2-1/2